[Event "ESP-ch Seniors 50+"]
[Site "Altea"]
[Date "2017.10.10"]
[Round "4"]
[White "Riquelme Valero, Manuel Damian"]
[Black "Garcia Fernandez, Carlos"]
[Result "1/2-1/2"]
[WhiteElo "2147"]
[BlackElo "2264"]
[PlyCount "76"]
[EventDate "2017.10.07"]
[EventType "swiss"]
[EventRounds "9"]
[EventCountry "ESP"]
[SourceTitle "CBM 181 Extra"]
[Source "ChessBase"]
[SourceDate "2017.12.12"]
[SourceVersion "1"]
[SourceVersionDate "2017.12.12"]
[SourceQuality "1"]

1. d4 c5 2. d5 f5 3. e4 fxe4 4. Nc3 Nf6 5. Nh3 g6 6. Bc4 Bg7 7. Ng5 0-0 8. 0-0 h6 9. Ngxe4 Nxe4 10. Nxe4 d6 11. c3 Na6 12. Be3 b6 13. Ng3 Nc7 14. Bd3 Qe8 15. c4 b5 16. Qd2 bxc4 17. Bxc4 Kh7 18. Rad1 Rb8 19. b3 Ba6 20. Qe2 Bxc4 21. bxc4 Qa4 22. h4 Rb2 23. Qg4 h5 24. Qe4 Qd7 25. Bg5 Bf6 26. Bxf6 exf6 27. Rb1 f5 28. Qd3 Rfb8 29. Rxb2 Rxb2 30. Re1 Rb8 31. Qc3 Re8 32. Nf1 Re7 33. Rb1 Ne8 34. Rb8 Ng7 35. Qa5 Re8 36. Rxe8 Nxe8 37. Nh2 Nf6 38. Nf3 Ne4 1/2-1/2

[Event "ESP-ch Seniors 50+"]
[Site "Altea"]
[Date "2017.10.08"]
[Round "2"]
[White "Ruiz Ledo, Antonio"]
[Black "Garcia Fernandez, Carlos"]
[Result "1/2-1/2"]
[WhiteElo "2045"]
[BlackElo "2264"]
[PlyCount "34"]
[EventDate "2017.10.07"]
[EventType "swiss"]
[EventRounds "9"]
[EventCountry "ESP"]
[SourceTitle "CBM 181 Extra"]
[Source "ChessBase"]
[SourceDate "2017.12.12"]
[SourceVersion "1"]
[SourceVersionDate "2017.12.12"]
[SourceQuality "1"]

1. Nf3 d6 2. g3 e5 3. Bg2 f5 4. c4 Nf6 5. Nc3 g6 6. 0-0 Bg7 7. d4 e4 8. Ne1 c6 9. f3 exf3 10. Bxf3 0-0 11. Nc2 Na6 12. Bf4 h6 13. h4 Kh7 14. Qd2 d5 15. cxd5 Nxd5 16. Nxd5 cxd5 17. Rfd1 Be6 1/2-1/2

[Event "Mislata op 51st"]
[Site "Mislata"]
[Date "2017.08.13"]
[Round "9"]
[White "Balada Moreno, Jose Luis"]
[Black "Garcia Fernandez, Carlos"]
[Result "0-1"]
[WhiteElo "1991"]
[BlackElo "2295"]
[PlyCount "80"]
[EventDate "2017.08.07"]
[EventType "swiss"]
[EventRounds "9"]
[EventCountry "ESP"]
[SourceTitle "CBM 179 Extra"]
[Source "ChessBase"]
[SourceDate "2017.08.23"]
[SourceVersion "1"]
[SourceVersionDate "2017.08.23"]
[SourceQuality "1"]

1. Nf3 d5 2. g3 c5 3. Bg2 Nc6 4. d3 g6 5. Nbd2 Bg7 6. 0-0 e6 7. e4 Nge7 8. Re1 b6 9. h4 h6 10. Qe2 0-0 11. Nf1 Ba6 12. e5 d4 13. N1h2 Nd5 14. a3 Rc8 15. h5 g5 16. Qe4 Re8 17. Bh3 Kh8 18. g4 Bb7 19. Nf1 Ne3 20. Nxe3 Na5 21. Nd5 Bxd5 22. Qe2 Nc6 23. Bg2 Qd7 24. Bd2 a5 25. c4 Bxf3 26. Bxf3 Nxe5 27. Be4 f5 28. Bf3 Rf8 29. a4 Qf7 30. Rf1 Rce8 31. Rae1 fxg4 32. Bxg4 Nf3+ 33. Kg2 Nxe1+ 34. Rxe1 Re7 35. Bf3 Qe8 36. Be4 Qxa4 37. Qg4 e5 38. Kg3 Qc2 39. Re2 Qd1 40. Bg6 e4 0-1

[Event "Mislata op 51st"]
[Site "Mislata"]
[Date "2017.08.08"]
[Round "3"]
[White "Garcia Fernandez, Carlos"]
[Black "Cruz Lledo, Pablo"]
[Result "0-1"]
[WhiteElo "2295"]
[BlackElo "2439"]
[PlyCount "76"]
[EventDate "2017.08.07"]
[EventType "swiss"]
[EventRounds "9"]
[EventCountry "ESP"]
[SourceTitle "CBM 179 Extra"]
[Source "ChessBase"]
[SourceDate "2017.08.23"]
[SourceVersion "1"]
[SourceVersionDate "2017.08.23"]
[SourceQuality "1"]

1. e4 c6 2. c4 g6 3. Nc3 Bg7 4. Nge2 d6 5. h3 Nf6 6. g4 e5 7. Bg2 0-0 8. d4 a6 9. a4 a5 10. Be3 exd4 11. Bxd4 Na6 12. 0-0 Nb4 13. f4 h5 14. g5 Ne8 15. Bxg7 Nxg7 16. Kh2 f6 17. h4 Bg4 18. Qd2 Qc7 19. Rac1 Rae8 20. Rfd1 fxg5 21. hxg5 Qf7 22. b3 Ne6 23. Rf1 Nc5 24. Rb1 Bxe2 25. Qxe2 Nbd3 26. Qd2 Qe6 27. Bh3 Qe7 28. Rf3 Rf7 29. Rxd3 Nxd3 30. Qxd3 Rxf4 31. e5 Qxe5 32. Qxg6+ Kf8 33. Qh6+ Ke7 34. Kg2 Rg8 35. g6 Rf6 36. Qh7+ Kf8 37. Rf1 Qxc3 38. Be6 Qd2+ 0-1

[Event "Sueca op 3rd"]
[Site "Sueca"]
[Date "2017.07.30"]
[Round "8"]
[White "Sos Andreu, Eric"]
[Black "Garcia Fernandez, Carlos"]
[Result "1-0"]
[WhiteElo "2353"]
[BlackElo "2295"]
[PlyCount "87"]
[EventDate "2017.07.24"]
[EventType "swiss"]
[EventRounds "8"]
[EventCountry "ESP"]
[SourceTitle "CBM 179 Extra"]
[Source "ChessBase"]
[SourceDate "2017.08.23"]
[SourceVersion "1"]
[SourceVersionDate "2017.08.23"]
[SourceQuality "1"]

1. d4 e6 2. c4 b6 3. Nf3 Bb7 4. g3 d6 5. Bg2 Nd7 6. 0-0 g6 7. Nc3 Bg7 8. e4 Ne7 9. Be3 h6 10. Qd2 Kf8 11. d5 e5 12. Ne1 Kg8 13. Nd3 Kh7 14. b4 a5 15. a3 axb4 16. axb4 Ba6 17. Nb2 f5 18. f3 fxe4 19. fxe4 Rf8 20. Rfc1 Nf6 21. Bh3 Bb7 22. c5 bxc5 23. bxc5 Rxa1 24. Rxa1 Bc8 25. Ra8 Bxh3 26. Rxd8 Rxd8 27. Nbd1 Ng4 28. Nf2 Nxf2 29. Kxf2 Rf8+ 30. Ke2 Bf1+ 31. Kd1 Bc4 32. Qb2 Rf1+ 33. Kc2 Rh1 34. Qb4 Rxh2+ 35. Bd2 Bf1 36. cxd6 cxd6 37. Qxd6 Ng8 38. Qc5 Rg2 39. d6 Nf6 40. Qxe5 Ba6 41. Nd5 Rf2 42. Nxf6+ Bxf6 43. Qc5 Re2 44. Qa7+ 1-0

[Event "Sueca op 3rd"]
[Site "Sueca"]
[Date "2017.07.25"]
[Round "2"]
[White "Garcia Fernandez, Carlos"]
[Black "Diaz Benitez, Ricardo"]
[Result "1-0"]
[WhiteElo "2295"]
[BlackElo "1985"]
[PlyCount "47"]
[EventDate "2017.07.24"]
[EventType "swiss"]
[EventRounds "8"]
[EventCountry "ESP"]
[SourceTitle "CBM 179 Extra"]
[Source "ChessBase"]
[SourceDate "2017.08.23"]
[SourceVersion "1"]
[SourceVersionDate "2017.08.23"]
[SourceQuality "1"]

1. e4 d6 2. d4 g6 3. Nf3 Bg7 4. Bc4 a6 5. 0-0 b5 6. Bd5 c6 7. Bb3 Nf6 8. Re1 0-0 9. h3 Qc7 10. Bf4 Nh5 11. Bh2 e5 12. g4 exd4 13. gxh5 Bxh3 14. hxg6 hxg6 15. Ng5 Bc8 16. Qf3 Ra7 17. Qg3 Qd8 18. Qh4 Re8 19. Nd2 Rae7 20. Qh7+ Kf8 21. Qxg6 d5 22. Qh5 Nd7 23. Bd6 Nf6 24. Qxf7# 1-0

[Event "Valencia-ch op"]
[Site "Puerto de Sagunto"]
[Date "2017.04.30"]
[Round "5"]
[White "Garcia Fernandez, Carlos"]
[Black "Fos Santacreu, Juan Andres"]
[Result "1-0"]
[WhiteElo "2292"]
[BlackElo "2208"]
[PlyCount "77"]
[EventDate "2017.04.22"]
[EventType "swiss"]
[EventRounds "7"]
[EventCountry "ESP"]
[SourceTitle "EXT 2024"]
[Source "ChessBase"]
[SourceDate "2023.10.10"]
[SourceVersion "1"]
[SourceVersionDate "2023.10.10"]
[SourceQuality "1"]

1. e4 e6 2. d4 d5 3. e5 b6 4. Bb5+ c6 5. Ba4 a5 6. c3 Ba6 7. Ne2 Ne7 8. 0-0 Nf5 9. Re1 h5 10. Ng3 Nxg3 11. hxg3 h4 12. g4 b5 13. Bc2 c5 14. Be3 Qc7 15. Nd2 Nd7 16. f4 Nb6 17. f5 Bc8 18. Nf3 Nc4 19. Bc1 Be7 20. Rb1 Bd7 21. Ng5 cxd4 22. cxd4 Qb6 23. Kh1 h3 24. g3 Rc8 25. Rf1 Rf8 26. Nh7 Rh8 27. f6 gxf6 28. Nxf6+ Bxf6 29. Rxf6 Qb7 30. Qe2 b4 31. Bg5 Rg8 32. Bh4 Rc7 33. Rbf1 Bc8 34. Bd3 a4 35. g5 b3 36. a3 Nb6 37. g6 fxg6 38. Bxg6+ Rxg6 39. Qb5+ 1-0

[Event "Valencia-ch op"]
[Site "Puerto de Sagunto"]
[Date "2017.04.22"]
[Round "2"]
[White "Grau Dominguez, Enric"]
[Black "Garcia Fernandez, Carlos"]
[Result "0-1"]
[WhiteElo "2033"]
[BlackElo "2292"]
[PlyCount "64"]
[EventDate "2017.04.22"]
[EventType "swiss"]
[EventRounds "7"]
[EventCountry "ESP"]
[SourceTitle "EXT 2024"]
[Source "ChessBase"]
[SourceDate "2023.10.10"]
[SourceVersion "1"]
[SourceVersionDate "2023.10.10"]
[SourceQuality "1"]

1. c4 e5 2. Nc3 Nf6 3. g3 d5 4. cxd5 Nxd5 5. Bg2 Ne7 6. Nf3 Nbc6 7. 0-0 g6 8. b4 a6 9. a4 Bg7 10. Ba3 0-0 11. b5 Nd4 12. Ng5 h6 13. Nge4 Re8 14. bxa6 Rxa6 15. Nc5 Ra7 16. e3 Ndc6 17. Nb5 Ra8 18. Bb2 b6 19. Nb3 Be6 20. d4 exd4 21. N3xd4 Nxd4 22. Bxd4 Bxd4 23. Qxd4 c6 24. Nd6 Rf8 25. Rfd1 Kh7 26. Qe5 Ra5 27. Nxf7 Qc8 28. Qe4 Rxf7 29. Rd6 Bd5 30. Qd3 Bxg2 31. Kxg2 Rh5 32. h4 Qg4 0-1

[Event "Valencia Region-ch"]
[Site "Valencia"]
[Date "2016.11.19"]
[Round "7"]
[White "Insa Alfonso, Pablo"]
[Black "Garcia Fernandez, Carlos"]
[Result "0-1"]
[WhiteElo "2209"]
[BlackElo "2299"]
[PlyCount "82"]
[EventDate "2016.10.01"]
[EventType "swiss"]
[EventRounds "7"]
[EventCountry "ESP"]
[SourceTitle "EXT 2024"]
[Source "ChessBase"]
[SourceDate "2023.10.10"]
[SourceVersion "1"]
[SourceVersionDate "2023.10.10"]
[SourceQuality "1"]

1. c4 Nf6 2. g3 c5 3. Bg2 d5 4. cxd5 Nxd5 5. Nc3 Nc7 6. Nf3 Nc6 7. 0-0 e5 8. d3 Be7 9. a4 Be6 10. a5 0-0 11. Nd2 Qd7 12. Nc4 f6 13. Qa4 Nd5 14. a6 b6 15. Ne3 Ndb4 16. Na2 Rac8 17. Nxb4 cxb4 18. Bd2 Nd4 19. Qxd7 Nxe2+ 20. Kh1 Bxd7 21. Nd5 Bc5 22. Bxb4 Bb5 23. Bxc5 Rxc5 24. Nxb6 Rd8 25. Rfe1 Nd4 26. Rec1 Rxc1+ 27. Rxc1 Bxa6 28. Nd5 Bxd3 29. Nb4 Bb5 30. h4 a5 31. Nd5 Kf7 32. Rc7+ Rd7 33. Rc5 Ra7 34. Nc3 Bd7 35. Be4 g6 36. Kg2 f5 37. Bd5+ Ke7 38. Bg8 Bc6+ 39. Kh3 Kd6 40. Rd5+ Bxd5 41. Bxd5 Rc7 0-1

[Event "Valencia Region-ch"]
[Site "Valencia"]
[Date "2016.11.05"]
[Round "5"]
[White "Balada Moreno, Jose Luis"]
[Black "Garcia Fernandez, Carlos"]
[Result "1-0"]
[WhiteElo "2055"]
[BlackElo "2299"]
[PlyCount "53"]
[EventDate "2016.10.01"]
[EventType "swiss"]
[EventRounds "7"]
[EventCountry "ESP"]
[SourceTitle "EXT 2024"]
[Source "ChessBase"]
[SourceDate "2023.10.10"]
[SourceVersion "1"]
[SourceVersionDate "2023.10.10"]
[SourceQuality "1"]

1. Nf3 c5 2. g3 d5 3. Bg2 Nc6 4. 0-0 Nf6 5. d3 g6 6. Nbd2 Bg7 7. e4 e6 8. Re1 0-0 9. h4 a5 10. Qe2 a4 11. Nf1 dxe4 12. dxe4 b6 13. e5 Nd5 14. N1h2 a3 15. Qe4 f5 16. exf6 Qxf6 17. Rb1 axb2 18. Bxb2 Qf5 19. Qxf5 gxf5 20. Bxg7 Kxg7 21. Ng5 Rxa2 22. Rxe6 Ncb4 23. Re5 Rd8 24. Rd1 h6 25. c3 Nxc3 26. Rxd8 Ra1+ 27. Nf1 1-0

[Event "Valencia Region-ch"]
[Site "Valencia"]
[Date "2016.10.08"]
[Round "2"]
[White "Garcia Fernandez, Carlos"]
[Black "Grau Dominguez, Enric"]
[Result "1-0"]
[WhiteElo "2299"]
[BlackElo "2036"]
[PlyCount "71"]
[EventDate "2016.10.01"]
[EventType "swiss"]
[EventRounds "7"]
[EventCountry "ESP"]
[SourceTitle "EXT 2024"]
[Source "ChessBase"]
[SourceDate "2023.10.10"]
[SourceVersion "1"]
[SourceVersionDate "2023.10.10"]
[SourceQuality "1"]

1. e4 c5 2. c3 d6 3. d4 Nf6 4. Bd3 Qc7 5. Nf3 g6 6. 0-0 Bg7 7. h3 Nfd7 8. Be3 0-0 9. Qe2 a6 10. a4 Nc6 11. d5 Nce5 12. Bc2 Nxf3+ 13. Qxf3 Rb8 14. a5 b5 15. axb6 Nxb6 16. Nd2 e6 17. Ra2 f5 18. Qg3 exd5 19. exf5 Bxf5 20. Bxf5 Rxf5 21. Rxa6 Rbf8 22. Nf3 Nc4 23. Bc1 Qb7 24. Ra2 d4 25. cxd4 cxd4 26. Nd2 d5 27. b3 Be5 28. Qd3 Nd6 29. Nf3 Rxf3 30. gxf3 Nf5 31. f4 Nh4 32. Qg3 Bf6 33. Bd2 Qb5 34. Re1 d3 35. b4 Nf5 36. Qg2 1-0

[Event "Mislata op 50th"]
[Site "Mislata"]
[Date "2016.08.12"]
[Round "7"]
[White "Garcia Fernandez, Carlos"]
[Black "Fernandez Ayuso, Sergio Javier"]
[Result "1-0"]
[WhiteElo "2303"]
[BlackElo "2159"]
[PlyCount "115"]
[EventDate "2016.08.08"]
[EventType "swiss"]
[EventRounds "9"]
[EventCountry "ESP"]
[SourceTitle "CBM 173 Extra"]
[Source "ChessBase"]
[SourceDate "2016.08.29"]
[SourceVersion "1"]
[SourceVersionDate "2016.08.29"]
[SourceQuality "1"]

1. e4 e5 2. Nf3 Nc6 3. c3 Nf6 4. d3 d5 5. Nbd2 a6 6. Be2 Bc5 7. 0-0 Ba7 8. b4 0-0 9. a3 Re8 10. Qc2 h6 11. h3 Nh5 12. Re1 Nf4 13. Bf1 Re6 14. Nb3 dxe4 15. Rxe4 Ng6 16. Nc5 Rf6 17. Kh2 Qf8 18. Be3 Bf5 19. Nxb7 Bxe4 20. dxe4 Bxe3 21. fxe3 Nd8 22. Nc5 Qe8 23. Rd1 Rc6 24. Bc4 Ra7 25. Qa4 Ne6 26. Bd5 Nxc5 27. Qxc6 Qxc6 28. Bxc6 Ne6 29. Rd7 Ngf8 30. Rd5 f6 31. Ra5 Nd8 32. Bd5+ Nfe6 33. Bc4 Kf8 34. Rxa6 Rxa6 35. Bxa6 Ke7 36. Kg3 Kd6 37. Kf2 g5 38. Ke2 h5 39. Kd3 h4 40. Bc8 Ng7 41. a4 Nf7 42. Nd2 Kc6 43. Nc4 Ne8 44. Be6 Nfd6 45. Bd5+ Kd7 46. b5 Nxc4 47. Kxc4 Nd6+ 48. Kc5 f5 49. a5 f4 50. exf4 exf4 51. e5 Nc8 52. Bf3 Ne7 53. Bg4+ Kd8 54. a6 Nc8 55. Bxc8 Kxc8 56. e6 g4 57. a7 Kb7 58. e7 1-0

[Event "Mislata op 50th"]
[Site "Mislata"]
[Date "2016.08.09"]
[Round "2"]
[White "Reig Albero, Ferran"]
[Black "Garcia Fernandez, Carlos"]
[Result "0-1"]
[WhiteElo "1993"]
[BlackElo "2303"]
[PlyCount "64"]
[EventDate "2016.08.08"]
[EventType "swiss"]
[EventRounds "9"]
[EventCountry "ESP"]
[SourceTitle "CBM 173 Extra"]
[Source "ChessBase"]
[SourceDate "2016.08.29"]
[SourceVersion "1"]
[SourceVersionDate "2016.08.29"]
[SourceQuality "1"]

1. e4 d6 2. d4 Nf6 3. Nc3 e5 4. Nf3 Nbd7 5. Bc4 Be7 6. 0-0 0-0 7. Re1 c6 8. a4 b6 9. b3 a6 10. Bb2 Qc7 11. Bd3 Re8 12. Ne2 Bf8 13. Ng3 g6 14. Qd2 h6 15. Rad1 b5 16. axb5 axb5 17. d5 cxd5 18. exd5 Ra2 19. Rb1 Qb6 20. b4 Ba6 21. Qc3 Bb7 22. Qb3 Bxd5 23. c4 bxc4 24. Bxc4 Bxc4 25. Qxc4 Rea8 26. Ne4 Nxe4 27. Qxe4 R8a4 28. Qg4 Rxb4 29. Bd4 exd4 30. Rxb4 Qxb4 31. Qxd7 d3 32. h3 Qxe1+ 0-1

[Event "Sueca op 1st"]
[Site "Sueca"]
[Date "2015.07.30"]
[Round "4"]
[White "Mataix Arbona, Cesar"]
[Black "Garcia Fernandez, Carlos"]
[Result "0-1"]
[WhiteElo "2064"]
[BlackElo "2312"]
[PlyCount "114"]
[EventDate "2015.07.27"]
[EventType "swiss"]
[EventRounds "8"]
[EventCountry "ESP"]
[SourceTitle "EXT 2016"]
[Source "ChessBase"]
[SourceDate "2015.10.08"]
[SourceVersion "1"]
[SourceVersionDate "2015.10.08"]
[SourceQuality "1"]

1. d4 d6 2. Nf3 Nd7 3. b3 c5 4. dxc5 Nxc5 5. Bb2 e6 6. e3 a6 7. Be2 Nf6 8. 0-0 Be7 9. Nc3 Qc7 10. a4 b6 11. Nd2 Bb7 12. Bf3 d5 13. Re1 Rd8 14. Ne2 0-0 15. g3 e5 16. Bg2 Rfe8 17. Nf3 Bf8 18. Qc1 Rc8 19. Rd1 Qb8 20. Qb1 g6 21. Ra2 Bg7 22. Qa1 Ncd7 23. Ne1 h5 24. h3 Rc7 25. Rd2 Nc5 26. Rd1 Nfe4 27. Qb1 Qc8 28. Ba1 Qf5 29. Nf3 Ne6 30. Rf1 N6g5 31. Nxg5 Nxg5 32. Kh2 Nf3+ 33. Bxf3 Qxf3 34. Ng1 Qf5 35. c3 Qe6 36. Qd3 Rec8 37. Rc2 b5 38. axb5 axb5 39. Rfc1 Ba6 40. Qd2 Qc6 41. Rd1 d4 42. exd4 exd4 43. c4 bxc4 44. bxc4 Bb7 45. f3 Rd7 46. Qf4 d3 47. Bxg7 Kxg7 48. Rc3 Rcd8 49. Qe3 d2 50. h4 Qa4 51. Qe2 Bc6 52. Nh3 Rd6 53. Nf4 Re8 54. Qf1 Qa2 55. Rd3 Re1 56. Rc3 Re8 57. Nd3 Re1 0-1

[Event "Sueca op 1st"]
[Site "Sueca"]
[Date "2015.07.28"]
[Round "2"]
[White "Valdenebro Orihuel, Miguel"]
[Black "Garcia Fernandez, Carlos"]
[Result "0-1"]
[WhiteElo "1951"]
[BlackElo "2312"]
[PlyCount "76"]
[EventDate "2015.07.27"]
[EventType "swiss"]
[EventRounds "8"]
[EventCountry "ESP"]
[SourceTitle "EXT 2016"]
[Source "ChessBase"]
[SourceDate "2015.10.08"]
[SourceVersion "1"]
[SourceVersionDate "2015.10.08"]
[SourceQuality "1"]

1. d4 Nf6 2. Nf3 c5 3. d5 b5 4. c4 d6 5. Qc2 Na6 6. Nc3 Nb4 7. Qb1 bxc4 8. e4 Ba6 9. Nd2 Nd3+ 10. Bxd3 cxd3 11. b4 Rb8 12. b5 Qa5 13. bxa6 Rxb1 14. Rxb1 Qxa6 15. 0-0 g6 16. e5 Nd7 17. e6 fxe6 18. dxe6 Nb6 19. Nd5 Qb7 20. Nxb6 axb6 21. Nc4 Bg7 22. Rxb6 Qa7 23. Bg5 0-0 24. Rfb1 Qxa2 25. Nd2 Qxe6 26. Rb7 Bf6 27. Bh6 Bg7 28. Bg5 Qf5 29. Nf3 Bf6 30. Bh6 Ra8 31. Rb8+ Rxb8 32. Rxb8+ Kf7 33. h4 Ke6 34. Re8 Kd7 35. Ra8 c4 36. Ra7+ Kc8 37. Ra4 c3 38. Rc4+ Kd7 0-1

[Event "Valencia Provincial-ch"]
[Site "Valencia"]
[Date "2014.11.22"]
[Round "7"]
[White "Garcia Fernandez, Carlos"]
[Black "Silva Rodriguez, Fernando"]
[Result "1/2-1/2"]
[WhiteElo "2312"]
[BlackElo "2244"]
[PlyCount "168"]
[EventDate "2014.09.27"]
[EventType "swiss"]
[EventRounds "7"]
[EventCountry "ESP"]
[SourceTitle "EXT 2016"]
[Source "ChessBase"]
[SourceDate "2015.10.08"]
[SourceVersion "1"]
[SourceVersionDate "2015.10.08"]
[SourceQuality "1"]

1. e4 e5 2. Nf3 Nc6 3. c3 d5 4. d3 f6 5. Nbd2 Be6 6. b4 a6 7. a3 Bd6 8. g3 Qd7 9. h4 Nh6 10. Bg2 0-0 11. Qc2 Ng4 12. 0-0 h6 13. Nh2 dxe4 14. dxe4 h5 15. Nxg4 hxg4 16. Qd1 Qf7 17. Qe2 Ne7 18. Kh2 c5 19. f3 gxf3 20. Bxf3 Nc8 21. Bg4 Nb6 22. Bxe6 Qxe6 23. b5 c4 24. Rb1 a5 25. Rf3 Rfd8 26. Nf1 Bc5 27. Be3 Na4 28. Qc2 Bxe3 29. Nxe3 Nc5 30. Nf5 Rd3 31. Rxd3 cxd3 32. Qd1 Qc4 33. Qg4 Ne6 34. Rd1 Rd8 35. Ne3 Qa2+ 36. Kh3 Kf7 37. Qh5+ Kg8 38. Qg4 Rd6 39. Nd5 Qe2 40. Qxe2 dxe2 41. Re1 Nc5 42. Rxe2 Kf7 43. c4 Rd8 44. Kg2 Rc8 45. Nb6 Rd8 46. Nd5 Rc8 47. Kf2 Nb3 48. Rc2 Nd4 49. Rc3 Ke6 50. Ke3 f5 51. exf5+ Nxf5+ 52. Kd2 Nd6 53. Kd3 Nxc4 54. Rxc4 Rd8 55. Rc5 b6 56. Rc6+ Kxd5 57. Ke3 Rf8 58. Rg6 Rf7 59. a4 Kc5 60. h5 Rb7 61. Rg4 Rd7 62. Re4 Kd5 63. g4 Rc7 64. Kf3 Rf7+ 65. Ke3 Rc7 66. Kd3 Rc1 67. Re2 Rg1 68. Rc2 Rxg4 69. Rc6 Rxa4 70. Rxb6 Ra3+ 71. Kc2 Rh3 72. Rg6 Rxh5 73. b6 Rh8 74. b7 Rb8 75. Rxg7 Kc6 76. Re7 Kd6 77. Rh7 Kc6 78. Rh5 Kd5 79. Rh7 Kd4 80. Kb3 e4 81. Ka4 e3 82. Kxa5 e2 83. Re7 Rxb7 84. Rxe2 Kc3 1/2-1/2

[Event "Valencia Provincial-ch"]
[Site "Valencia"]
[Date "2014.11.15"]
[Round "6"]
[White "Fos Santacreu, Juan Andres"]
[Black "Garcia Fernandez, Carlos"]
[Result "0-1"]
[WhiteElo "2279"]
[BlackElo "2312"]
[PlyCount "82"]
[EventDate "2014.09.27"]
[EventType "swiss"]
[EventRounds "7"]
[EventCountry "ESP"]
[SourceTitle "EXT 2016"]
[Source "ChessBase"]
[SourceDate "2015.10.08"]
[SourceVersion "1"]
[SourceVersionDate "2015.10.08"]
[SourceQuality "1"]

1. Nf3 d6 2. d4 c5 3. dxc5 Qa5+ 4. Nc3 Qxc5 5. e4 Nf6 6. Be3 Qa5 7. Bb5+ Bd7 8. Qd3 a6 9. Bc4 Nc6 10. Bb3 g6 11. Qd2 Bg7 12. Nd4 0-0 13. f3 Rfc8 14. Nxc6 Bxc6 15. Na4 Qxd2+ 16. Kxd2 Nd7 17. c3 Bxa4 18. Bxa4 Ne5 19. Ke2 Nc4 20. Bc1 b5 21. Bd1 Rab8 22. Rb1 f5 23. exf5 gxf5 24. Re1 Kf7 25. g4 fxg4 26. fxg4 Be5 27. h3 Kg7 28. Bg5 b4 29. cxb4 Rxb4 30. Bb3 Na5 31. Be6 Rc2+ 32. Kd3 Rh2 33. h4 Nb7 34. Be3 Rxh4 35. Rf1 Rh3 36. Kd2 Nd8 37. Bf5 a5 38. b3 a4 39. Rh1 Rxh1 40. Rxh1 axb3 41. axb3 e6 0-1

[Event "Valenciana Comunity op"]
[Site "L'Alfas del Pi"]
[Date "2011.06.12"]
[Round "3"]
[White "Garcia Fernandez, Carlos"]
[Black "Navarro Lopez Menchero, Daniel"]
[Result "0-1"]
[WhiteElo "2380"]
[BlackElo "2137"]
[PlyCount "86"]
[EventDate "2011.06.11"]
[EventType "swiss"]
[EventRounds "7"]
[EventCountry "ESP"]
[SourceTitle "EXT 2013"]
[Source "ChessBase"]
[SourceDate "2012.11.22"]
[SourceVersion "1"]
[SourceVersionDate "2012.11.22"]
[SourceQuality "1"]

1. e4 c5 2. c3 e6 3. d4 d5 4. e5 Nc6 5. Nf3 Qb6 6. a3 Nh6 7. b4 cxb4 8. cxb4 Nf5 9. Bb2 Bd7 10. g4 Nfe7 11. Nc3 Rc8 12. Na4 Qc7 13. Rc1 Qb8 14. Nc5 Ng6 15. Nxd7 Kxd7 16. Qd2 a6 17. Bd3 f6 18. b5 axb5 19. Bxb5 Be7 20. 0-0 h5 21. g5 fxg5 22. Nxg5 Rhf8 23. Rc3 Nf4 24. Nh3 g5 25. Nxf4 Rxf4 26. Rfc1 Rc7 27. Qc2 Qc8 28. Kh1 Rxd4 29. Rh3 Rh4 30. Rxh4 gxh4 31. f4 Qf8 32. Rf1 Kd8 33. Qd3 Na7 34. f5 Nxb5 35. Qxb5 Qf7 36. Bd4 Kc8 37. fxe6 Qg6 38. Qxd5 Rc6 39. Rg1 Qxe6 40. Qa5 Qb3 41. Rf1 h3 42. Qa8+ Kd7 43. Kg1 Rg6+ 0-1

[Event "Valenciana Comunity op"]
[Site "L'Alfas del Pi"]
[Date "2011.06.11"]
[Round "2"]
[White "Megias Ortiz, Vicente Manuel"]
[Black "Garcia Fernandez, Carlos"]
[Result "0-1"]
[WhiteElo "2087"]
[BlackElo "2380"]
[PlyCount "62"]
[EventDate "2011.06.11"]
[EventType "swiss"]
[EventRounds "7"]
[EventCountry "ESP"]
[SourceTitle "EXT 2013"]
[Source "ChessBase"]
[SourceDate "2012.11.22"]
[SourceVersion "1"]
[SourceVersionDate "2012.11.22"]
[SourceQuality "1"]

1. d4 d6 2. e4 Nf6 3. f3 d5 4. e5 Ng8 5. Bd3 e6 6. Be3 c5 7. c3 Nc6 8. Ne2 Qb6 9. Qb3 Qc7 10. Qd1 Bd7 11. Nd2 Qb6 12. Qb3 c4 13. Qxb6 axb6 14. Bc2 b5 15. 0-0 b4 16. b3 b5 17. cxb4 Bxb4 18. a4 bxa4 19. bxc4 a3 20. Ra2 Nge7 21. c5 0-0 22. Rfa1 Ra7 23. Nb1 Rfa8 24. Nc1 f6 25. exf6 gxf6 26. Nd3 Nf5 27. Bf2 Rb8 28. Nxb4 Rxb4 29. Bxf5 exf5 30. Rxa3 Rxb1+ 31. Rxb1 Rxa3 0-1

[Event "Valencia Autonomico"]
[Site "Cheste"]
[Date "2010.10.08"]
[Round "3"]
[White "Garcia Fernandez, Carlos"]
[Black "Carbonell Bofill, Carlos Eloy"]
[Result "1/2-1/2"]
[WhiteElo "2371"]
[BlackElo "2250"]
[PlyCount "41"]
[EventDate "2010.10.07"]
[EventType "swiss"]
[EventRounds "7"]
[EventCountry "ESP"]
[SourceTitle "EXT 2024"]
[Source "ChessBase"]
[SourceDate "2023.10.10"]
[SourceVersion "1"]
[SourceVersionDate "2023.10.10"]
[SourceQuality "1"]

1. e4 e6 2. d4 d5 3. e5 Ne7 4. c3 c5 5. Bd3 Nbc6 6. Ne2 cxd4 7. cxd4 Nb4 8. 0-0 Bd7 9. Nbc3 Nxd3 10. Qxd3 Nc6 11. Be3 Be7 12. f4 f5 13. exf6 Bxf6 14. g4 g6 15. b3 0-0 16. h3 Rc8 17. Rac1 Qa5 18. Qb5 Qc7 19. Qd3 Qa5 20. Qb5 Qc7 21. Qd3 1/2-1/2

[Event "Manises 2rd"]
[Site "Manises"]
[Date "2009.05.01"]
[Round "3"]
[White "Garcia Fernandez, Carlos"]
[Black "Pallardo Lozoya, Jose Vicente"]
[Result "1/2-1/2"]
[WhiteElo "2385"]
[BlackElo "2342"]
[PlyCount "43"]
[EventDate "2009.04.30"]
[EventType "tourn"]
[EventRounds "9"]
[EventCountry "ESP"]
[EventCategory "2"]
[SourceTitle "EXT 2010"]
[Source "ChessBase"]
[SourceDate "2010.11.25"]
[SourceVersion "1"]
[SourceVersionDate "2010.11.25"]
[SourceQuality "1"]

1. e4 e6 2. d4 d5 3. e5 c5 4. c3 Qb6 5. Nf3 Nc6 6. a3 a5 7. Bd3 Bd7 8. Bc2 f6 9. 0-0 cxd4 10. cxd4 g6 11. Ba4 Bg7 12. Bxc6 Bxc6 13. Re1 fxe5 14. Nxe5 Nf6 15. Nc3 0-0 16. Rb1 Nd7 17. f4 Nxe5 18. fxe5 Rf5 19. Be3 Raf8 20. Qd2 Bb5 21. Nxb5 Qxb5 22. Rbc1 1/2-1/2